Countries closest to Singapore - Statistics

General Stats
  • This quiz has been taken 38 times
  • The average score is 10 of 10
Answer Stats
Hint Answer % Correct
Asean Brunei
100%
Asean Indonesia
100%
Asean Laos
100%
Asean Thailand
100%
Asean Malaysia
97%
Asean Vietnam
97%
Asia China
94%
Asean Cambodia
91%
Asean Burma/Myanmar
88%
Asean Philippines
85%
No matching quizzes found
Score Distribution
Percent of People with Each Score
Percentile by Number Answered
Your Score History
You have not taken this quiz